000
00251nam a2200097Ia 4500
005
20251222114401.0
008
251222s1900||||xx |||||||||||||| ||spa||
082
_a
DVD0093/M41/2005/Ej.2
245
0
_a
Lectura escolar en PerĂº - Banco Mundial:
942
_c
DVD
999
_c
1660
_d
1660